Brasil... ou Russia - Statistics

Estatísticas Gerais
  • Esse quiz foi jogado 397 vezes
  • A pontuação média é 9 de 12
Estatísticas das Respostas
Questão Resposta % Correto
País onde foi sediada a Copa Do Mundo de 2014
98%
Qual desses países ja foi conhecido como USSR
98%
Qual desses países faz mais calor no inverno
96%
Qual desses países tem MAIS territórios ao sul da linha do equador
88%
Em qual desses países ja foi disputada uma copa do mundo
80%
Qual desses países tem o maior IDH
76%
Qual desses países nunca perdeu uma guerra?
65%
Qual desses países tem o menor PIB per capita
63%
Qual desses países faz fronteira com países europeus
61%
Quais desses países tem a maior quantidades de ilhas
59%
Qual desses países tem territórios na Antártica
57%
Qual desses países tem a maior quantidades de tropas militares em seu continente
10%
Nenhum quiz correspondente encontrado
Distribuição das Pontuações
Porcentagem de Pessoas com Cada Pontuação
Percentil de Números Respondidos
Sua Pontuação Histórica
Você não jogou esse quiz